000 00322nam a2200133Ia 4500
008 191201s1965 xx 000 0 und d
082 _a677.13
_bATJ
100 _aATKINSON, R P
245 0 _aJute Fibre to Yarn
260 _aN.Delhi
_bchemical Publication
_c1965
300 _a212
650 _aB.Tech(TE)
942 _2ddc
_cBK
999 _c3411
_d3411